000 00450nam a22001577a 4500
003 OSt
005 20251217072601.0
008 251217b |||||||| |||| 00| 0 eng d
020 _a 0385-49934-5
040 _aDWCL-Admin lib
_cOC
082 _aCirc. 337 F862l 2002 2002
245 _aThe Lexus and the olive tree
260 _aNY:
_bRandom house ,
_c c2002.
300 _a xi , 490 pages :
_b illustrations ;
_c 18cm.
942 _2ddc
_cBK-CIRC
_kCirc.
_n0
999 _c7182
_d7182